00897 2200313 4500001002100000005001500021035002500036008004100061020002200102040001700124082001800141084002000159100002100179245010000200250001100300260003700311300002400348650004800372700001800420850001200438007000300450090002200453990001800475990001800493990001800511990001800529990001800547990001800565INLIS00000000001476020240920095325 a0010-101500000000494151007s2015 yoi d a978-602-288-141-4 aYOPDYOGbind 223a423.99221 a423.99221 HAS k aHASIBUAN, Albert aKamus :b: Inggris- Indonesia Indonesia-Inggris /c/ Albert Hasibuan; penyunting, Budi Waskitho aCet. 1 aYogyakarta :bBuku Pintar,c2015 a468 hlm ;c; 15 cm. aBahasa Inggris--vKamus--xBahasa Indonesia aBudi Waskitho aYOPDYOGta aR 423.99221 HAS k a25828-PD/B.15 a25829-PD/B.15 a25830-PD/B.15 a25829-PD/B.15 a25828-PD/B.15 a25830-PD/B.15